00713nam a22000977a 4500040000800000082002700008100005800035245047600093260002600569300002000595 cRUA aLMA NAR 2024 B701 Or.1 aNARITH ERIC, ណារិទ្ធ អ៊ែរិក aThe Study Of Procedures Foer Land Management In Systematic Land Registration In Phnum Den Commune, Kirivong District, Takeo Province,ការសិក្សាអំពីនីតិវិធីនៃការរៀបចំដែនដី ក្នុងការចុះបញ្ចីដីធ្លី មានលក្ខណៈជាប្រព័ន្ធ នៅឃុំភ្នំដិន ស្រុកគិរីវង់ ខេត្តតាកែវ aPHNOM PENHbRUAc2024 ax,bill,c29cm,